От первой энергосистемы до первых героев Советского Союза; Энергия: экономика, техника, экология; № 8

التفاصيل البيبلوغرافية
Parent link:Энергия: экономика, техника, экология: научно-популярный и общественно-политический журнал/ Российская академия наук (РАН).— , 1984-.— 0233-3619
№ 8.— 2004.— С. 67-68
المؤلف الرئيسي: Кошелев А. А.
اللغة:الروسية
منشور في: 2004
الموضوعات:
التنسيق: MixedMaterials فصل الكتاب
KOHA link:https://koha.lib.tpu.ru/cgi-bin/koha/opac-detail.pl?biblionumber=393342

MARC

LEADER 00000naa2a2200000 4500
001 393342
005 20231101064401.0
035 |a (RuTPU)RU\TPU\prd\29357 
090 |a 393342 
100 |a 20041101a2004 k y0rusy50 ca 
101 0 |a rus 
102 |a RU 
200 1 |a От первой энергосистемы до первых героев Советского Союза  |f А. А. Кошелев 
461 1 |0 (RuTPU)RU\TPU\prd\458  |x 0233-3619  |t Энергия: экономика, техника, экология  |o научно-популярный и общественно-политический журнал  |f Российская академия наук (РАН)  |d 1984- 
463 1 |0 (RuTPU)RU\TPU\prd\28164  |t № 8  |v С. 67-68  |d 2004 
610 1 |a энергетика 
610 1 |a энергосистемы 
610 1 |a трактор Геккеля 
610 1 |a инженеры 
610 1 |a Сибирь 
610 1 |a Герой Советского Союза 
700 1 |a Кошелев  |b А. А. 
801 1 |a RU  |b 63413507  |c 20041101  |g PSBO 
801 2 |a RU  |b 63413507  |c 20120516  |g RCR 
942 |c BK